000 00914nam a2200229 a 4500
999 _c12674
_d12674
001 12674
003 BD-JhCC
005 20221117083031.0
008 221117s20172018bg |||| |||| 000 0 ban d
035 _a(BD-JhCC)12674
040 _aBD-JhCC
_dBD-JhCC
041 _aBangla
082 _a297.64
_bKHA 2018
100 _aখান, মেজর জেনারেল আকবর
245 _aখালিদ বিন ওয়ালিদ রা. /
_cমেজর জেনারেল আকবর খান, আবু সাঈদ মুহাম্মদ ওমর আলী রহ. (অনু.)
260 _aঢাকা :
_bমাকতাবাতুল হেরা,
_c২০১৮
300 _a৩১২ পৃ. :
_c২২ সেমি.
600 _aKhalid ibn al-Walid
650 _aBiography
700 _aআলী, আবু সাঈদ মুহাম্মদ ওমর
942 _2ddc
_cBK